Pays d'Afrique avec les noms les plus courts - Statistiques

Statistiques générales
  • Ce quiz a été pris 328 fois
    320 depuis la dernière actualisation
  • Le résultat moyen est 8 sur 10
Statistiques - réponses
Réponse % Correct
Mali
91%
Maroc
91%
Togo
90%
Niger
82%
Bénin
81%
Ghana
80%
Libye
80%
Tchad
79%
Gabon
75%
Kenya
69%
Aucun quiz correspondant
Distribution des résultats
% des personnes avec chaque résultat
Percentile par nombre de réponses
Votre historique - résultats
Vous n’avez pas pris ce quiz depuis la dernière actualisation